MAKING PLANNING WORK:A GUIDE TO APPROACHES AND SKILL (Record no. 9760)

MARC details
000 -LEADER
fixed length control field 00323nam a22001337a 4500
003 - CONTROL NUMBER IDENTIFIER
control field OSt
005 - DATE AND TIME OF LATEST TRANSACTION
control field 20260512080216.0
008 - FIXED-LENGTH DATA ELEMENTS--GENERAL INFORMATION
fixed length control field 260512b |||||||| |||| 00| 0 eng d
040 ## - CATALOGING SOURCE
Transcribing agency IRDP
082 ## - DEWEY DECIMAL CLASSIFICATION NUMBER
Classification number 320.6 MAK
100 ## - MAIN ENTRY--PERSONAL NAME
Personal name HAGUE,CLIFF.
245 ## - TITLE STATEMENT
Title MAKING PLANNING WORK:A GUIDE TO APPROACHES AND SKILL
942 ## - ADDED ENTRY ELEMENTS (KOHA)
Source of classification or shelving scheme Dewey Decimal Classification
Koha item type BOOKS
Holdings
Withdrawn status Lost status Source of classification or shelving scheme Damaged status Not for loan Home library Current library Date acquired Total Checkouts Full call number Barcode Date last seen Price effective from Koha item type
    Dewey Decimal Classification     Dodoma Dodoma 12/05/2026   320.6 MAK LIB000340 12/05/2026 12/05/2026 BOOKS

IRDP © 2021 :: Managed by ICT Team